| 000 | 00727nam a22002057a 4500 | ||
|---|---|---|---|
| 005 | 20180628111915.0 | ||
| 010 | _aB-129970 | ||
| 020 |
_a8188340103 _c395.00 |
||
| 035 | _aB-129970 | ||
| 037 |
_adpl _bSamrudh Bharat Publication |
||
| 082 | _a305.56 | ||
| 100 | _aSamujh, Ram | ||
| 245 |
_aReservation policy: _bits relevance in modern india/ _cby Ram Samujh |
||
| 260 |
_aMumbai _bSamrudh Bharat Publication _c2005 |
||
| 270 |
_aB-6, Shalimar Apt., W.E. Highway _bMumbai _e400055 |
||
| 300 |
_a411p. _c23cm(Hb) |
||
| 500 | _aIncluding bibligraphy | ||
| 942 |
_2ddc _cEN _h305.56 _mSAM |
||
| 999 |
_c153179 _d153179 |
||